| 000 | 00669nam a2200193Ia 4500 | ||
|---|---|---|---|
| 003 | GCL | ||
| 008 | 140319s9999 xx 000 0 ara d | ||
| 040 |
_aGCL / _cGCL |
||
| 082 | 0 | 4 |
_a814.008 _bن ح |
| 100 | 1 | _aناصرالدين النشاشيبى | |
| 245 | 1 | 0 |
_aحضرات الزملاء المحترمين استحلوا الكرامة والاعراض والاموال والاسرار / _cناصرالدين النشاشيبى |
| 300 | _a234 ص | ||
| 490 |
_aالهيئة العامة للاستعلامات _v0 |
||
| 650 | 0 | 4 | _aالادب العربى |
| 650 | 0 | 4 | _aالصحافة |
| 650 | 0 | 4 | _aالصحفيون |
| 650 | 0 | 4 | _aمقالات |
| 942 |
_2ddc _cBK |
||
| 999 |
_c49253 _d49253 |
||